Analysis, synthesis, and design of chemical processes / (Record no. 70122)

000 -LEADER
fixed length control field 01029cam a2200265 a 4500
001 - CONTROL NUMBER
control field 1181970
003 - CONTROL NUMBER IDENTIFIER
control field NUST - PNEC
005 - DATE AND TIME OF LATEST TRANSACTION
control field 20170116181134.0
008 - FIXED-LENGTH DATA ELEMENTS--GENERAL INFORMATION
fixed length control field 970722s1998 njua b 001 0 eng
010 ## - LIBRARY OF CONGRESS CONTROL NUMBER
LC control number 97034025
020 ## - INTERNATIONAL STANDARD BOOK NUMBER
International Standard Book Number 0135705657
040 ## - CATALOGING SOURCE
Original cataloging agency DLC
Transcribing agency LIBRARY
Modifying agency DLC
050 00 - LIBRARY OF CONGRESS CALL NUMBER
Classification number TP155.7
Item number .A53 1998
082 00 - DEWEY DECIMAL CLASSIFICATION NUMBER
Classification number 660.2812 TUR
Edition number 21
100 ## - MAIN ENTRY--PERSONAL NAME
9 (RLIN) 14144
Personal name Turton, Richard
245 00 - TITLE STATEMENT
Title Analysis, synthesis, and design of chemical processes /
Statement of responsibility, etc. Richard Turton ... [et al.].
260 ## - PUBLICATION, DISTRIBUTION, ETC.
Place of publication, distribution, etc. Upper Saddle River, N.J. :
Name of publisher, distributor, etc. Prentice Hall PTR,
Date of publication, distribution, etc. c1998.
300 ## - PHYSICAL DESCRIPTION
Extent xxv, 814 p. :
Other physical details ill. ;
Dimensions 25 cm. +
Accompanying material 1 computer optical disc (4 3/4 in.)
500 ## - GENERAL NOTE
General note Four folded plates in pocket.
500 ## - GENERAL NOTE
General note Includes index.
650 #0 - SUBJECT ADDED ENTRY--TOPICAL TERM
Topical term or geographic name entry element Chemical processes.
General subdivision General
700 1# - ADDED ENTRY--PERSONAL NAME
Personal name Turton, Richard,
Dates associated with a name 1955-
942 ## - ADDED ENTRY ELEMENTS (KOHA)
Source of classification or shelving scheme
Koha item type Book
Holdings
Withdrawn status Lost status Source of classification or shelving scheme Damaged status Not for loan Permanent Location Current Location Shelving location Date acquired Total Checkouts Full call number Barcode Date last seen Price effective from Koha item type
          Pakistan Navy Engineering College (PNEC) Pakistan Navy Engineering College (PNEC)   10/07/2015   660.2812 TUR PNECLIB-026445 10/07/2015   Book
© 2023 Central Library, National University of Sciences and Technology. All Rights Reserved.